| 000 | 00583nam a2200241Ia 4500 | ||
|---|---|---|---|
| 003 | 20180611153832.0 | ||
| 005 | 20180611154006.0 | ||
| 008 | 170918s9999 xx 000 0 und d | ||
| 020 | _a9780531266113 | ||
| 050 | _bC973 2011 | ||
| 100 | _aCunningham, Kevin | ||
| 245 | 4 | _aThe South Carolina colony / | |
| 245 | _cby Kevin Cunningham. | ||
| 260 | _aNew York : | ||
| 260 | _bChildren's Press, | ||
| 260 | _c2011 | ||
| 300 | _a48 pages : | ||
| 300 | _bcolored illustration ; | ||
| 300 | _c21cm. | ||
| 300 | _eA true book. | ||
| 500 | _a850 | ||
| 942 |
_2ddc _cLEX |
||
| 999 |
_c343167 _d343167 |
||